LEADER 00960nam0 22002411i 450 001 RML0237340 005 20231121125703.0 100 $a20121121d1992 ||||0itac50 ba 101 | $aita 102 $ait 181 1$6z01$ai $bxxxe 182 1$6z01$an 200 1 $aProcessi e materie a rischio$eacque reflue, amianto$fScritti di: Francesco G. Leone, Ilva Trentin Folliero$ga cura di Marisa Gerbi Sethi 210 $aTorino $cCERIS $d1992 215 $a178 p.$cgraf. e tab.$d21 cm 801 3$aIT$bIT-01$c20121121 850 $aIT-FR0098 899 $aBiblioteca Area Giuridico Economica$bFR0098 912 $aRML0237340 950 0$aBiblioteca Area Giuridico Economica$d 53TER 26 151$e 53VM 0000060865 VMB A4 barcode:ECO007159. - Inventario:provv. 27. - Fondo:Sala consultazioneVM$fA $h19980116$i20121204 977 $a 53 996 $aProcessi e materie a rischio$9457580 997 $aUNICAS